[Event "JBLN West 0001 "]
[Site "Germany"]
[Date "2001.04.22"]
[Round "?"]
[White "Rathje, Christian"]
[Black "Geveilers, Wilhelm"]
[Result "1/2-1/2"]
[WhiteElo "1757"]
[BlackElo "1673"]
[PlyCount "116"]
[EventDate "2000.??.??"]
[EventType "team"]
[EventRounds "9"]
[EventCountry "GER"]
[SourceTitle "EXT 2003"]
[Source "ChessBase"]
[SourceDate "2002.11.25"]
[SourceVersion "1"]
[SourceVersionDate "2002.11.25"]
[SourceQuality "1"]

1. e4 c5 2. Nf3 d6 3. d4 cxd4 4. Nxd4 Nf6 5. Nc3 g6 6. Be3 Bg7 7. f3 0-0 8. Qd2 Nc6 9. 0-0-0 d5 10. Qe1 e6 11. g4 Nxd4 12. Bxd4 Qc7 13. exd5 exd5 14. g5 Qf4+ 15. Qe3 Nh5 16. Qxf4 Nxf4 17. Bxg7 Kxg7 18. Nxd5 Ne6 19. h4 b6 20. Bd3 Bb7 21. Be4 Rad8 22. Nf6 Bxe4 23. Nxe4 Nd4 24. Rd3 Ne2+ 25. Kd2 Nd4 26. Kc1 Ne2+ 27. Kb1 Rxd3 28. cxd3 Rd8 29. Rd1 Nd4 30. Nd2 Nf5 31. Ne4 Nxh4 32. f4 Ng2 33. d4 Nxf4 34. Kc2 h6 35. gxh6+ Kxh6 36. Rh1+ Kg7 37. Ng5 Kf6 38. Nf3 Kf5 39. Rh7 Kf6 40. a4 Ne6 41. Kc3 Rd7 42. b4 Ng5 43. Nxg5 Kxg5 44. Kc4 Kf5 45. a5 bxa5 46. bxa5 g5 47. Kc5 Ke6 48. Rh6+ f6 49. a6 g4 50. Rg6 Kf5 51. Rg8 Kf4 52. d5 Ke5 53. Rxg4 Rc7+ 54. Kb5 Kxd5 55. Rg8 f5 56. Rd8+ Ke4 57. Re8+ Kf3 58. Rb8 Re7 1/2-1/2